| 000 | 01003nam a22002777a 4500 | ||
|---|---|---|---|
| 001 | 2089 | ||
| 005 | 20250815163702.0 | ||
| 020 | _a9781442402287 | ||
| 040 |
_aFISKH _beng _cFISKH _dFISKH |
||
| 050 | _aPZ7.P2997 | ||
| 082 | _2156 | ||
| 100 | _aContreras, Rosemary | ||
| 245 |
_aBats to the rescue! / _cadapted by Veronica Paz Based on the screenplay "Freddie the Fruit Bat Saves Halloween" written by Rosemary Contreras illustrated by Art Mawhinney |
||
| 260 |
_aNew York : _bSimon Spotlight, _c2010 |
||
| 300 |
_a25 unnumbered pages : _c21x21 cm |
||
| 505 | _a O | ||
| 520 | _aIt's Halloween and Diego and Alicia are throwing a party. Everyone's there, including Freddie the Fruit Bat. But where is Linda, the llama who's bringing the treats for the party? | ||
| 521 |
_a460
_bLexile estimate |
||
| 521 |
_aO _bRaz-Plus |
||
| 650 | _aHalloween | ||
| 650 | _aAdventure | ||
| 650 | _aBat | ||
| 700 |
_aPaz, Veronica _eadaptor |
||
| 700 |
_aMawhinney, Art _eillustrator |
||
| 942 |
_2ddc _cBK _n0 |
||
| 999 |
_c2089 _d2089 |
||